Academic IIIT adm test kit / (Record no. 133451)
[ view plain ]
| 000 -LEADER | |
|---|---|
| fixed length control field | 00760nam a22002417a 4500 |
| 005 - DATE AND TIME OF LATEST TRANSACTION | |
| control field | 20170124110210.0 |
| 010 ## - LIBRARY OF CONGRESS CONTROL NUMBER | |
| LC control number | B-036303 |
| 020 ## - INTERNATIONAL STANDARD BOOK NUMBER | |
| Terms of availability | 225.00 |
| 035 ## - SYSTEM CONTROL NUMBER | |
| System control number | B-036303 |
| 037 ## - SOURCE OF ACQUISITION | |
| Source of stock number/acquisition | Cen Lib/Ret |
| 040 ## - CATALOGING SOURCE | |
| Original cataloging agency | DPL |
| Language of cataloging | EN |
| 082 ## - DEWEY DECIMAL CLASSIFICATION NUMBER | |
| Classification number | 000 |
| Item number | DHA |
| 100 ## - MAIN ENTRY--PERSONAL NAME | |
| Personal name | Dhawan, V. |
| 9 (RLIN) | 37981 |
| 245 ## - TITLE STATEMENT | |
| Title | Academic IIIT adm test kit / |
| Statement of responsibility, etc | by V.Dhawan;B.R. Kishore [and] R. S. Arora |
| 260 ## - PUBLICATION, DISTRIBUTION, ETC. (IMPRINT) | |
| Place of publication, distribution, etc | New Delhi |
| Name of publisher, distributor, etc | Academic Publishers |
| Date of publication, distribution, etc | 2001 |
| 270 ## - ADDRESS | |
| Address | B-9, Ratan Jyoti Building 18, Rajendra Place |
| City | New Delhi |
| Postal code | 110008 |
| 300 ## - PHYSICAL DESCRIPTION | |
| Extent | Various Pages |
| Dimensions | 25cm(Hb) |
| 650 ## - SUBJECT ADDED ENTRY--TOPICAL TERM | |
| Topical term or geographic name as entry element | General Knowledge |
| 9 (RLIN) | 37982 |
| 650 ## - SUBJECT ADDED ENTRY--TOPICAL TERM | |
| Topical term or geographic name as entry element | IIIT Admission Kit -Mathmatics |
| 9 (RLIN) | 37983 |
| 700 ## - ADDED ENTRY--PERSONAL NAME | |
| 9 (RLIN) | 37914 |
| Personal name | Kishore , B.R. |
| 700 ## - ADDED ENTRY--PERSONAL NAME | |
| Personal name | Arora ,R. S. |
| 9 (RLIN) | 36341 |
| 942 ## - ADDED ENTRY ELEMENTS (KOHA) | |
| Source of classification or shelving scheme | Dewey Decimal Classification |
| Koha item type | English Books |
| Classification part | 000 |
| Call number suffix | DHA |
| Withdrawn status | Lost status | Damaged status | Not for loan | Home library | Current library | Date acquired | Source of acquisition | Cost, normal purchase price | Total Checkouts | Full call number | Barcode | Date last seen | Copy number | Cost, replacement price | Price effective from | Koha item type |
|---|---|---|---|---|---|---|---|---|---|---|---|---|---|---|---|---|
| Central Library | Central Library | 25/07/2015 | Cen Lib/Ret | 225.00 | 000 DHA | B-036303 | 25/07/2015 | 1 | 225.00 | 25/07/2015 | English Books |
